00913nam a2200181 a 450000100100000000500170001000800410002702000150006804000250008310000250010824501620013326001740029530000280046949000640049750400730056154600330063483000640066700003985120201002033753.0130725s2000 sp 000 0 spa d a8400079701 aDO-SdBNPbspacBNPHU1 aTrebizonda, Jorge de13aEl diálogo de la fe con el sultán de los turcos /cJorge Ameruzes de Trebisonda ; edición crítica, traducción y estudio por Oscar de la Cruz Palma. aMadrid :bConsejo Superior de Investigaciones Científicas:bUniversidad Autónoma de Barcelona, Departamento de Ciencias de la Antigüedad y de la Edad Media,c2000. aXXIX, 194 p., ;c26 cm.1 aNueva Roma. Biblioteca Graeca et latina Aevi posteriorisv9 aIncluye referencias bibliográficas y notas al pie de las páginas aTexto en latín y español 0aNueva Roma. Biblioteca Graeca et latina Aevi posteriorisv9